| 000 | 00724nam a2200217Ia 4500 | ||
|---|---|---|---|
| 001 | 1774 | ||
| 003 | GE_BSU | ||
| 008 | 181216s||||||||xx |||||||||||||| ||und|| | ||
| 040 | _cGE_BSU | ||
| 080 | _a579(075.8) | ||
| 100 | _aწილოსანი, გ. | ||
| 245 | _aმიკრობიოლოგია | ||
| 245 | _bსახელმძღვანელო ბიოლოგიის ფაკულტეტის სტუდენტებისათვის | ||
| 260 | _aთბილისი | ||
| 260 | _bთბილისის უნ–ტის | ||
| 260 | _c1884 | ||
| 300 | _a546 გვ. 21 სმ. | ||
| 541 | _h20 ლ. | ||
| 653 | _aმიკრობიოლოგია | ||
| 942 | _cBK | ||
| 999 |
_c35882 _d35882 |
||